[Event "Interclubs Francophonie 2019"]
[Site "?"]
[Date "2019.05.19"]
[Round "3"]
[White "Depauw, Christian"]
[Black "Memeti, Kastriot"]
[Result "0-1"]
[WhiteElo "2066"]
[BlackElo "2130"]
[Annotator "Etienne Cornil"]
[PlyCount "70"]
[SourceDate "2019.06.19"]

1. e4 e6 2. d4 d5 3. e5 c5 4. Qg4 cxd4 5. Nf3 Nc6 6. Bd3 Nge7 7. O-O Ng6 8. Re1
Qc7 9. Qg3 f6 (9... Bd7) 10. Bxg6+ hxg6 11. Qxg6+ Qf7 12. Qg3 Bc5 13. Bf4 $6 g5
14. exf6 $4 gxf4 15. Qxf4 Rf8 $19 16. a3 Qxf6 17. Qxf6 Rxf6 18. b4 Bb6 19. Nbd2
Bd7 20. b5 Ne7 21. a4 Ba5 22. Re2 Bc3 23. Rd1 Ng6 24. g3 Ke7 25. Kg2 Rg8 26.
Kh1 Kd6 27. h4 e5 28. Ng5 Bf5 29. Nb1 Bg4 30. Nxc3 dxc3 31. f3 Bxf3+ 32. Nxf3
Rxf3 33. Kh2 Ke6 34. h5 Ne7 35. Rg2 Nf5 0-1

[Event "Interclubs Francophojie 2019"]
[Site "?"]
[Date "2019.05.19"]
[Round "3"]
[White "Piacentini, Claudio"]
[Black "Iolis, Oleg"]
[Result "1-0"]
[WhiteElo "2144"]
[BlackElo "2181"]
[Annotator "Etienne Cornil"]
[PlyCount "109"]
[SourceDate "2019.06.19"]

1. e4 c5 2. Nf3 d6 3. d4 cxd4 4. Nxd4 Nf6 5. Nc3 a6 6. Bg5 Nbd7 7. f4 Qc7 8.
Qf3 h6 9. Bxf6 Nxf6 10. h3 ({L'autre grand axe consiste en :} 10. f5 Qc5 11.
O-O-O g5 12. fxg6 Bg4 13. gxf7+ Kxf7 14. Qd3 Bxd1 15. Nxd1 Bg7 {
(Moiseenko V. - Shevchenko K., Saint-Petersbourg 2016)}) 10... e6 11. O-O-O Be7
12. Bd3 b5 13. Rhf1 Bb7 14. g4 Nd7 15. Kb1 Rc8 16. g5 hxg5 17. fxg5 Ne5 18. Qg3
g6 19. h4 Qc5 20. Nb3 Qb6 21. a3 b4 22. axb4 Qxb4 23. Qf2 Rc6 24. Ne2 Rh7 25.
Nf4 Rb6 26. h5 gxh5 27. g6 fxg6 28. Nxe6 Rf7 29. Qg2 Rxf1 30. Rxf1 Rc6 31. Ned4
Rc8 32. c3 Qa4 (32... Qb6 {(pour A viter de placer la dame sur cases blanches)}
) 33. Bc2 Qd7 34. Nd2 Qg4 35. Qh1 Kd7 36. Bb3 Kc7 37. Be6 Qh4 38. Qxh4 Bxh4 39.
Bxc8 Bxc8 40. N2f3 Nxf3 41. Nxf3 Bg3 42. Rg1 h4 43. Kc2 Bg4 $2 (43... Be6 $14
44. Rh1 h3 45. Ng5 Bg4 46. Nxh3 Bf3 47. Rg1 Bxe4+ 48. Kb3 Be5 $14) 44. Nxh4
Bxh4 45. Rxg4 g5 46. Kd3 Kc6 47. Kc4 Kc7 48. b4 Kc8 49. Rg2 Kb7 50. Kd5 Kc7 51.
c4 Be1 52. b5 axb5 53. cxb5 Bh4 54. b6+ Kxb6 55. Kxd6 1-0

[Event "Interclubs Francophonie 2019"]
[Site "?"]
[Date "2019.06.16"]
[Round "4"]
[White "Vidaich, Stephane"]
[Black "Cornil, Etienne"]
[Result "0-1"]
[WhiteElo "1890"]
[BlackElo "1933"]
[Annotator "Etienne Cornil"]
[PlyCount "90"]
[SourceDate "2019.06.19"]

1. d4 d5 2. Nf3 Nf6 3. Bf4 c6 4. e3 g6 5. Be2 Bg7 6. Nc3 Qa5 7. Qd2 h5 8. h3
Bf5 9. Ne5 Nbd7 10. f3 Nxe5 11. Bxe5 h4 12. O-O-O b5 13. a3 Bh6 14. Kb1 Qb6 15.
Bd3 Bxd3 16. Qxd3 a5 17. Bxf6 exf6 18. e4 b4 19. Na4 Qb8 20. exd5 cxd5 21.
Rhe1+ Kf8 $11 22. Nc5 Qd6 23. a4 Kg7 24. Re2 Bf4 $15 25. b3 Rhc8 26. Qb5 Bg3
27. Qd7 Qxd7 (27... Rxc5 $2 28. Qxd6 Bxd6 29. dxc5 Bxc5 30. Rxd5 $18) 28. Nxd7
Re8 29. Rxe8 Rxe8 30. Nb6 $2 (30. Nc5 $11) 30... Rd8 31. Rd3 (31. c4 bxc3 32.
b4 axb4 33. a5 $19 {permettait de sauver le cavalier au prix de deux pions})
31... Bc7 32. Nc4 dxc4 33. bxc4 Kf8 34. Kb2 Ke7 (34... Rxd4 $2 35. Rxd4 Be5 36.
c3 bxc3+ 37. Kxc3 Ke7 38. c5 Bxd4+ 39. Kxd4 Kd7 40. Kd5) 35. Kb3 Bf4 36. c5 Kd7
(36... Rd5 37. Kc4 Rg5 38. Kb5 Rxg2 39. Kxa5 Rxc2 40. Kxb4 $13) 37. Kc4 Rb8 38.
d5 Be5 39. Re3 Rc8 40. Kb5 $2 Bd4 41. c6+ Kd6 42. Rd3 Kxd5 43. Kxa5 Kc5 44. Ka6
Kxc6 45. Ka5 Bc5 0-1

[Event "Jeunesse Blankenberge 2019"]
[Site "?"]
[Date "2019.04.20"]
[Round "9"]
[White "Celiktas, A."]
[Black "Van Campenhoudt, Theo"]
[Result "0-1"]
[WhiteElo "1356"]
[BlackElo "1211"]
[Annotator "Etienne Cornil"]
[PlyCount "106"]
[SourceDate "2019.06.19"]

1. e4 c5 {(La partie dA bute par une dA fense sicilienne)} 2. Nf3 d6 3. Nc3 Nc6
4. Bc4 e6 5. Bb5 (5. O-O Nf6 6. d3 Be7 7. Re1 O-O 8. a3 b6 9. Bf4 Bb7 10. h3
Rc8 11. Ba2 Qd7 {(Janev E. - Ermenkov E., Bulgarie 2007)}) 5... Nf6 6. d4 d5 7.
e5 {(Par inversion de coups, nous sommes maintenant au coeur d'une dA fense
franAPaise)} 7... Nd7 8. dxc5 Bxc5 9. Bf4 f6 10. O-O O-O 11. exf6 Qxf6 12. Bg5
Qg6 13. Bd3 Qf7 14. Ne2 (14. Qe2) 14... e5 $17 15. Nd2 Qh5 16. h4 h6 17. Ng3
Qxd1 18. Raxd1 hxg5 19. hxg5 e4 20. Bb5 a6 21. Ba4 Nb6 22. Bb3 Bg4 23. Rc1 e3 {
(Les Noirs jouent de maniA..re trA..s A nergique depuis le dA but de la partie)
} 24. Nde4 exf2+ 25. Nxf2 Bxf2+ 26. Rxf2 Rxf2 27. Kxf2 Kh7 28. c4 dxc4 29. Bxc4
Ne5 30. b3 Nbxc4 31. Rh1+ Kg6 32. bxc4 Nxc4 33. Ne4 Kf5 34. Re1 Ne5 $2 (34...
Rd8 $19) 35. Nd6+ Ke6 36. Nc4 Rf8+ 37. Kg1 $2 (37. Kg3 Rf5 38. Nxe5 Rxe5 39.
Rxe5+ Kxe5 40. Kxg4 g6 $19) 37... Rf5 38. Kh2 Rxg5 39. Kg3 Be2+ 40. Kf4 Rg4+
41. Ke3 Bxc4 42. Kf2 Kf5 43. Rh1 Kf4 44. Rd1 Nd3+ 45. Kg1 Kg3 46. Rf1 Rf4 47.
Rxf4 Nxf4 48. a4 b5 49. axb5 axb5 50. Kh1 b4 51. Kg1 b3 52. Kh1 b2 53. Kg1
b1=Q# {  Un beau combat qui permet A  ThA o de terminer le tournoi avec un
excellent 6/9 !} 0-1

[Event "Jeunesse Blankenberge 2019"]
[Site "?"]
[Date "2019.04.19"]
[Round "8"]
[White "Heldenbergh, Nils"]
[Black "Verboven, W."]
[Result "1-0"]
[WhiteElo "1876"]
[BlackElo "1763"]
[Annotator "Etienne Cornil"]
[PlyCount "53"]
[SourceDate "2019.06.19"]

1. e4 c5 2. Nf3 e6 3. d4 cxd4 4. Nxd4 Nc6 5. Nc3 Qc7 6. g3 a6 7. Bg2 Nf6 8. O-O
Be7 9. Bf4 (9. Re1 O-O 10. Nxc6 dxc6 11. e5 Rd8 12. Qf3 Nd5 13. h4 b5 14. Bg5
Bb7 15. Ne4 {(Tiviakov S. - Adams M., Groningen 1993)}) (9. Be3) (9. a4) 9...
d6 (9... e5 10. Nxc6 dxc6 11. Be3 Be6 12. h3 Bc4 13. Re1 Rd8 14. Qc1 O-O 15.
Na4 Nd7 16. b3 b5 17. Nb2 Be6 18. a4 {
Pridotozhni A. - Maletin P., Belgorod 2008)}) 10. Nxc6 bxc6 11. e5 $1 Nd5 (
11... dxe5 12. Bxe5 Qxe5 13. Bxc6+ Bd7 14. Bxa8 O-O 15. Bg2 $16) 12. exd6 Bxd6
13. Bxd6 Qxd6 14. Ne4 Qc7 (14... Qb4 15. c4 $16) 15. c4 Nb6 16. Nd6+ {
(La cavalerie entre dans le camp ennemi. La reddition est proche)} 16... Ke7
17. c5 Nd7 18. Qh5 $18 g6 19. Qg5+ f6 20. Qh6 Rf8 21. Qg7+ Kd8 22. Rad1 Qa7 23.
Bxc6 Kc7 24. Bxd7 Kb8 25. Qxf8 Qxd7 26. Nxc8 Qxc8 27. Rd8 1-0

[Event "Jeunesse Blankenberge 2019"]
[Site "?"]
[Date "2019.04.17"]
[Round "6"]
[White "Godde, M."]
[Black "Damlakhi, Mahmoud"]
[Result "0-1"]
[WhiteElo "1946"]
[BlackElo "1854"]
[Annotator "Etienne Cornil"]
[PlyCount "102"]
[SourceDate "2019.06.19"]

1. e4 c5 2. Nf3 d6 3. d4 cxd4 4. Nxd4 Nf6 5. Nc3 a6 6. Be3 e5 7. Nb3 Be6 8. f3
Be7 9. Qd2 h5 10. Be2 Nbd7 11. O-O (11. Nd5 Nxd5 12. exd5 Bf5 13. O-O h4 14.
Na5 Qc7 15. c4 O-O 16. b4 Bg6 17. Rac1 Rad8 18. Rfd1 {
(Leko P. - Gelfand B., Moscou 2009)}) 11... O-O 12. Rfd1 Rc8 13. a4 Qc7 14.
Rac1 Nb6 15. a5 Nc4 16. Bxc4 Bxc4 17. Bb6 Qc6 18. Nd5 Nxd5 19. exd5 Qb5 $15 20.
Qe3 Bxb3 ({La prise en d5 est possible mais il y a plusieurs rA ponses
possibles des Blancs, ce qui nA cessite d'A|_tre certain sur l'A chiquier de
la correction du coup :} 20... Bxd5 {Voyons par exemple :} 21. Nd4 (21. Nc5 Bc6
22. Ne4 Bxe4 23. Qxe4 Qxb2 $17) (21. f4 Bf6 22. f5 e4 $15) 21... Qd7 22. Ne2
Qe6 $15) 21. cxb3 Rxc1 22. Qxc1 Qxb3 23. Be3 Kh7 (23... Bd8 24. Bd2 f5 (24...
Qxd5 25. Be1 Qb5 $17)) 24. Kf2 g6 25. Rd2 Qb4 26. Rc2 Bd8 27. Rc8 Bh4+ 28. g3
Rxc8 29. Qxc8 Qxb2+ 30. Kg1 Bf6 31. Qc4 Qb5 (31... Bd8 32. Qa4 Qe2 $19) 32.
Qxb5 axb5 33. Kf2 Bd8 34. Bd2 f5 35. Ke2 g5 36. Kd3 g4 37. fxg4 fxg4 (37... e4+
38. Ke2 hxg4) 38. Ke4 Kg6 39. Bb4 Bc7 40. Bc3 Kf6 41. Bb4 Bb8 42. Ba3 Kg6 43.
Bb4 Bc7 44. Bc3 Bd8 45. Bb4 Be7 46. Ba3 h4 47. Bb4 (47. gxh4 Kh5 48. Kf5 Bf8
49. Ke6 e4 50. Kf7 Bh6 (50... e3 $2 51. Kxf8 e2 52. Bb4 Kxh4 53. Bxd6 Kh3 54.
Bg3 b4 55. d6 b3 56. d7 b2 57. d8=Q b1=Q 58. Qh4+ Kg2 59. Qxg4 $16) 51. Bxd6
Bd2 52. Bc7 b4 53. Be5 e3 54. d6 b3 55. d7 Bxa5 56. Bc3 Bd8 {0-1}) 47... h3 48.
Ba3 $4 (48. Bd2 Bd8 49. Be1 {
(Et les Noirs vont devoir travailler pour forcer le gain)}) 48... Bh4 $3 49.
gxh4 g3 50. Bxd6 gxh2 51. Bxe5 h1=Q+ 0-1

[Event "Jeunesse Blankenberge 2019"]
[Site "?"]
[Date "2019.04.18"]
[Round "7"]
[White "Akulova, A."]
[Black "Godart, Clara"]
[Result "0-1"]
[WhiteElo "1755"]
[BlackElo "1695"]
[Annotator "Etienne Cornil"]
[PlyCount "82"]
[SourceDate "2019.06.19"]

1. e4 e6 2. d4 d5 3. Nc3 dxe4 4. Nxe4 Nd7 5. Nf3 Ngf6 6. Nxf6+ Nxf6 7. Bd3 Be7
8. O-O O-O 9. c3 b6 10. Ne5 Bb7 11. Bc2 (11. Qe2 c5 12. dxc5 Bxc5 13. Rd1 Qc7
14. Bf4 $11) 11... c5 12. dxc5 Bxc5 13. Qe2 Qd5 14. Qf3 Qxf3 ({La prise du
cavalier conduit A  de nombreuses complications tactiques. Par exemple :} 14...
Qxe5 15. Qxb7 Ng4 16. g3 Nxf2 17. Qf3 Ng4+ (17... Nd3+ 18. Kh1 Nxc1 19. Raxc1
Rad8 20. Rce1 Qg5 $15) 18. Kg2 h5 19. Bf4 $13) 15. Nxf3 Rad8 $15 16. a4 Ba6 17.
Re1 Ng4 18. Be3 (18. Nd4 Rxd4 $5 (18... e5 {est A galement bon}) 19. cxd4 Bxd4
20. Be3 Bxb2 21. Rab1 Be5 $15) 18... Nxe3 19. fxe3 Bd3 20. Bb3 Rd6 21. Rad1
Rfd8 22. Nd4 Be4 23. Kf2 a6 24. Ra1 e5 25. Nf3 Bxf3 26. gxf3 Rh6 27. Bc4 (27.
h3 Rxh3 28. Kg2 Rh6 29. Rad1 Rhd6) (27. Kg2 $2 Rd2+ 28. Kg3 Rhxh2 $19) 27...
Rxh2+ $19 28. Kg1 Rxb2 29. Bxa6 Rc2 30. c4 Rd3 31. Rad1 Bxe3+ 32. Kh1 Rxd1 33.
Rxd1 Rc1 34. Rxc1 Bxc1 35. Kg2 Be3 36. Kg3 f5 37. Bc8 g6 38. Kh4 Kg7 39. Bd7
g5+ 40. Kh5 Kf6 41. Kh6 g4+ 0-1

[Event "Jeunesse Blankenberge 2019"]
[Site "?"]
[Date "2019.04.20"]
[Round "9"]
[White "Faybish, Dana"]
[Black "Ahn, A."]
[Result "1-0"]
[WhiteElo "1222"]
[BlackElo "1153"]
[Annotator "Etienne Cornil"]
[PlyCount "81"]
[SourceDate "2019.06.19"]

1. e4 c6 2. Nc3 d5 3. exd5 cxd5 4. d4 Nf6 5. Bd3 Nc6 6. Nge2 g6 7. O-O Bg7 8.
Bf4 O-O 9. Qd2 Bf5 10. Bxf5 gxf5 11. Ng3 e6 12. Rfe1 Ne4 13. Ncxe4 fxe4 14. Nh5
Qh4 15. Nxg7 Kxg7 16. c3 ({Les Blancs se devaient de continuer l'attaque car
la dame noire a peu de cases de fuite :} 16. Bg5 Qh5 (16... Qg4 17. Bh6+ Kh8
18. Bxf8 Rxf8 19. Re3 $16) 17. Re3 Rg8 (17... Qxg5 18. Rg3 Qg6 19. Qf4 $16) 18.
Rh3 Qg6 19. Rh6 Qf5 20. Rf6 {(La dame noire est traquA e)} 20... Qg4 21. h3 Qh5
(21... e3 22. Bxe3 Qh5 23. Bg5 $16) 22. Rh6 $18) 16... Rg8 17. b4 b5 18. Re3 {
Le bon plan mais aprA..s avoir perdu deux temps. Les Noirs ont maintenant la
possibilitA  d'A galiser} 18... Qxf4 (18... Kh8 19. Rg3 $14) 19. Rg3+ Qxg3 20.
hxg3 a5 21. Qe1 $6 (21. Qg5+ Kf8 22. Qh6+ Rg7 23. bxa5 Rxa5 24. Qf4 {
Et la dame va s'infiltrer via d6 ou b8}) 21... axb4 22. cxb4 Nxd4 23. Qc3 e5
24. Qc5 Rgd8 25. Qe7 Re8 26. Qd6 Ne2+ 27. Kf1 Nc3 28. a3 Rad8 29. Qc5 d4 30.
Rc1 Rc8 31. Qd6 Rcd8 (31... Re6 32. Qd7 Rh6 $1 33. Qg4+ (33. Qxc8 $4 Rh1#)) 32.
Qc7 Rc8 33. Qd7 Rcd8 34. Qg4+ Kf8 35. Ke1 $11 d3 $4 (35... Rd6 {
Avec une position difficile A  A valuer}) 36. Rxc3 d2+ 37. Kd1 Rd4 38. Qf5 Kg7
39. Rc7 e3 40. Rxf7+ Kh6 41. Rxh7# 1-0

[Event "Jeunesse Blankenberge 2019"]
[Site "?"]
[Date "2019.04.15"]
[Round "3"]
[White "Ouaki, Mark"]
[Black "Jafari, Yasin"]
[Result "*"]
[WhiteElo "1872"]
[BlackElo "1629"]
[Annotator "Etienne Cornil"]
[PlyCount "63"]
[SourceDate "2019.06.19"]

1. e4 e5 2. Nf3 Nc6 3. Bb5 a6 4. Ba4 Nf6 5. O-O b5 6. Bb3 Be7 7. Re1 d6 8. c3
O-O 9. d4 Bg4 10. Be3 Na5 11. Bc2 Nc4 12. Bc1 c5 13. d5 (13. b3 Nb6 14. dxe5
Bxf3 15. Qxf3 dxe5 16. Nd2 Qc7 {(Mortensen E. - Tisdall J., Finlande 1989)})
13... h6 14. Qd3 Nh5 15. b3 Na5 16. h3 Bd7 17. Qe2 Nf4 18. Bxf4 exf4 19. e5 {
La percA e menant au point} 19... dxe5 20. Qxe5 Bf6 (20... Bg5 21. Nxg5 hxg5
22. Nd2 Re8 23. Qd6 Be6 24. Qxd8 Raxd8 25. dxe6 Rxd2 26. exf7+ Kxf7 27. Bg6+ {
1-0}) 21. Qe4 g6 22. Qxf4 Kg7 23. Ne5 Re8 24. Nd2 Rxe5 25. Rxe5 Bg5 26. Rxg5
hxg5 (26... Qxg5 27. Qxg5 hxg5 28. Re1 $16) 27. Qe3 Nb7 28. Re1 Qa5 29. Qe5+
Kg8 30. Ne4 Bc8 31. Nf6+ Kg7 32. Ne8+ *

[Event "Jeunesse Blankenberge 2019"]
[Site "?"]
[Date "2019.04.18"]
[Round "7"]
[White "Wery, Arthur"]
[Black "Leroy, A."]
[Result "1-0"]
[WhiteElo "1487"]
[BlackElo "1158"]
[Annotator "Etienne Cornil"]
[PlyCount "57"]
[SourceDate "2019.06.19"]

1. e4 e5 2. Nf3 Nc6 3. Bc4 Bc5 4. c3 d6 5. d4 exd4 6. cxd4 Bb6 7. h3 Nf6 8. Nc3
Ba5 ({Ce coup ne colle pas stratA giquement avec la position. Connu est :} 8...
O-O 9. O-O h6 10. Re1 Re8 11. a3 a6 12. Bf4 Na5 {
1/2 (Tishin P. - Zaitsev A., Donskoj 2010)}) 9. Qd3 O-O 10. O-O a6 11. Bg5 Re8
12. Nd5 Nb4 13. Qb3 Nbxd5 14. Bxd5 Be6 $2 ({Il fallait ramener la tour en f8
pour dA fendre f7. Il s'en suit de complexes joutes tactiques dont voici
quelques lignes :} 14... Rf8 15. e5 dxe5 16. Bxf7+ Rxf7 17. dxe5 Qd5 (17... h6
18. Rad1 Qe8 19. exf6 Be6 20. Qa3 Bc4 21. Qxa5 Bxf1 22. Bxh6 gxh6 23. Rxf1 Rxf6
24. Qd5+ Qf7 25. Qxb7 $11) 18. exf6 Qxb3 19. axb3 gxf6 20. Rxa5 fxg5 21. Rxg5+
$16) 15. Bxe6 Rxe6 16. e5 $16 dxe5 17. dxe5 Qd5 (17... h6 18. Bh4 g5 19. exf6
gxh4 20. Qa4 Qxf6 $18 (20... Bb6 $4 21. Qg4+ Kf8 22. Qg7+ Ke8 23. Qg8+ Kd7 24.
Qxf7+ {1-0})) 18. exf6 Qxb3 19. axb3 Bb6 20. fxg7 Kxg7 21. Rfe1 Rxe1+ 22. Rxe1
h6 23. Be7 f6 24. b4 Re8 25. Bxf6+ Kf7 26. Rxe8 Kxe8 27. Bd4 Bxd4 28. Nxd4 Kd7
29. f4 1-0

[Event "Jeunesse Blankenberge 2019"]
[Site "?"]
[Date "2019.04.17"]
[Round "6"]
[White "Liveyns, R."]
[Black "Akulov, L."]
[Result "0-1"]
[WhiteElo "1771"]
[BlackElo "1998"]
[Annotator "Etienne Cornil"]
[PlyCount "116"]
[SourceDate "2019.06.19"]

1. d4 Nf6 2. c4 g6 3. Nc3 d5 4. cxd5 Nxd5 5. Bd2 Bg7 6. e4 Nb6 7. Be3 O-O 8. a4
(8. h3 e5 9. Nf3 exd4 10. Bxd4 Nc6 11. Bxg7 Kxg7 12. Bb5 {
(Berkes F. - Grigoriants S., Roumanie 2013)}) 8... e5 (8... a5) 9. d5 N6d7 10.
Nf3 a5 11. Qd2 b6 12. Bb5 Bb7 13. Rd1 Na6 14. O-O Ndc5 15. Bg5 f6 16. Bh4 Qe7
17. Qe2 Nb4 18. Rfe1 Kh8 19. Nd2 Nc2 20. Rf1 Nd4 21. Qc4 Bh6 22. Ne2 Nxe2+ 23.
Qxe2 Bxd2 24. Rxd2 Nb3 25. Rd3 Nd4 26. Qd2 Qc5 27. Rc3 Qb4 28. Qh6 Qd6 29. Rfc1
Rf7 30. Bf1 $2 ({Les Blancs ratent le gain et le titre national :} 30. Rxc7 $1
Rxc7 (30... Qf8 31. Bxf6+ Kg8 32. Qxf8+ Raxf8 33. Bxe5 {1-0}) 31. Rxc7 Qxc7 32.
Bxf6+ Kg8 33. d6 {1-0}) 30... Rc8 31. g3 Kg8 32. Kh1 c6 33. Bc4 c5 34. g4 Rcf8
35. Bg3 Bc8 36. h3 Bd7 37. b3 Bc8 38. Rg1 g5 39. Bh2 Rg7 40. h4 Rff7 41. Rh3
Rg6 42. Qh5 Rfg7 43. f3 h6 44. hxg5 fxg5 45. Rf1 Bd7 46. Ra1 Be8 47. Rg3 Bf7
48. Qh3 Rf6 49. Bg1 Bg6 50. Be3 $4 (50. Kh2 $11) 50... Bh7 ({
Les Noirs, en crise de temps, ne pensent pas A  la fatale fourchette :} 50...
Nc2 {1-0}) 51. Rf1 Rgf7 52. Kg2 $4 Nxf3 53. Rgxf3 Bxe4 54. Be2 Kg7 55. Kg1 Bxf3
56. Bxf3 (56. Rxf3 Qxd5 57. Rxf6 Rxf6 58. Bf2 $17) 56... Qf8 57. Bg2 Rxf1+ 58.
Bxf1 Rf3 0-1

[Event "Jeunesse Blankenberge 2019"]
[Site "?"]
[Date "2019.04.17"]
[Round "5"]
[White "Dallemagne, Maximilien"]
[Black "Van Dijck, B."]
[Result "1-0"]
[WhiteElo "2079"]
[BlackElo "2041"]
[Annotator "Etienne Cornil"]
[PlyCount "75"]
[SourceDate "2019.06.19"]

1. d4 Nf6 2. Nf3 g6 3. Bf4 Bg7 4. Nc3 d5 5. Qd2 O-O 6. Bh6 c5 7. Bxg7 Kxg7 8.
dxc5 Qa5 9. e4 dxe4 (9... Qxc5 10. exd5 Rd8 11. O-O-O e6 12. h4 h5 13. d6 $16 {
(Zablotsky S. - Shomoev A., Novokuznetsk 2008)}) 10. Nxe4 Qxd2+ 11. Nexd2 Nbd7
12. Bc4 Nxc5 13. O-O Rd8 14. Rfe1 Be6 15. Bxe6 Nxe6 16. Nb3 b5 17. c3 Rd5 18.
g3 a5 19. Re2 a4 20. Nbd4 Nxd4 21. Nxd4 e6 22. a3 Rad8 23. Rae1 Nd7 24. Nc6 Re8
25. f4 Rd6 26. Nd4 Rd5 27. Rd1 Nb6 28. Kf2 Nc4 $4 (28... h5 $11) 29. Nxe6+ $18
fxe6 30. Rxd5 exd5 31. Rxe8 Nxb2 32. Rb8 Nd1+ 33. Ke2 Nxc3+ 34. Kd3 Nb1 35.
Rxb5 Nxa3 36. Rxd5 Nb1 37. Ra5 a3 38. Kc2 1-0

[Event "Jeunesse Blankenberge 2019"]
[Site "?"]
[Date "2019.04.16"]
[Round "4"]
[White "Heldenbergh, Nils"]
[Black "Malfliet, A."]
[Result "1-0"]
[WhiteElo "1876"]
[BlackElo "1444"]
[Annotator "Francois Godart"]
[PlyCount "77"]
[SourceDate "2019.06.19"]

1. e4 c5 2. Nf3 Nc6 3. d4 cxd4 4. Nxd4 e6 5. Nc3 Nf6 6. g3 ({
La variante la plus critique est :} 6. Nxc6 bxc6 (6... dxc6 7. Qxd8+ Kxd8 8.
Bf4 $16) 7. e5 Nd5 8. Ne4 $1 Qc7 9. f4 Qb6 10. c4 Bb4+ 11. Ke2 $1 Ba6 12. Kf3
$1 {Le roi blanc est assez A  l'abri en f3 et la pratique a dA montrA  que les
Noirs ont des problA..mes A  cause du trou en d6 et des cases noires faibles.})
6... Bb4 7. Bg2 a6 {En gA nA ral, les Noirs placent d'abord leur dame en c7
pour qu'elle puisse reprendre en c6 avant de jouer a6, sinon la prise en c6
devient plus forte.} 8. O-O (8. Nxc6 {est en effet fort ici :} 8... bxc6 9. e5
Nd5 10. Qg4 g6 11. O-O {
Et les trous sur cases noires vont poser des problA..mes aux Noirs.}) 8... h6
$2 {Perte de temps inutile !} (8... Qc7 9. Be3 $14) 9. Bf4 (9. Nxc6 {
est toujours fort mais le coup de la partie ne gAKche rien.}) 9... O-O 10. e5
$1 {Oblige le cavalier A  aller dans une position inconfortable.} 10... Ne8 11.
Nxc6 bxc6 12. Ne4 $1 f5 13. Nd2 $5 {Le cavalier va revenir par c4. Le gros
problA..me des Noirs est leur fou c8 totalement enfermA .} ({Mais} 13. exf6 $1
Nxf6 14. Bxh6 $1 {gagnait un pion par force; la pointe A tant :} 14... gxh6 15.
Nxf6+ Qxf6 16. Qg4+ Qg7 17. Qxb4) 13... Bb7 14. Nc4 Bc5 {
Dans les coups qui suivent, Nils amA liore mA thodiquement sa position.} 15.
Qh5 Kh7 16. c3 g5 17. Bc1 Rg8 18. b4 Be7 19. Be3 Rg6 20. Qd1 Rb8 21. Ba7 Ra8
22. Bb6 Qc8 23. Ba5 Bd8 24. Bb6 {Les Blancs peuvent se permettre de prendre
leur temps; les Noirs A tant condamnA s A  attendre l'exA cution.} 24... Rb8
25. Ba7 Ra8 26. Bb6 Rb8 27. a4 $1 Ba8 28. a5 Bc7 29. Bf3 g4 30. Bg2 Rb7 31. Qd4
Rg7 32. Rfd1 Rb8 33. Rd2 Bb7 34. Rad1 {Les Blancs ont amA liorA  leur position
au maximum et les Noirs ne peuvent plus tout tenir.} 34... Bxb6 (34... Kg8 35.
Bc5 Kh7 36. f3 gxf3 37. Bxf3 Kg8 38. Bh5 {Et la position noire est intenable.})
35. Nxb6 Qd8 36. Nxd7 $18 Qg5 37. Nxb8 c5 38. Qd8 Bxg2 39. Qxg5 1-0

[Event "Jeunesse Blankenberge 2019"]
[Site "?"]
[Date "2019.04.14"]
[Round "1"]
[White "Ouaki, Mark"]
[Black "Rits, B."]
[Result "1-0"]
[WhiteElo "1872"]
[BlackElo "1400"]
[Annotator "Francois Godart"]
[PlyCount "73"]
[SourceDate "2019.06.19"]

1. e4 e5 2. Nf3 Nc6 3. Bb5 Nf6 4. d3 Bc5 5. O-O (5. c3 {
est plus courant pour empA|_cher Cd4}) 5... d6 (5... Nd4 6. Nxd4 Bxd4 7. c3 Bb6
{pose peu de problA..mes aux Noirs}) 6. h3 h6 7. c3 a6 8. Ba4 b5 9. Bc2 O-O 10.
Be3 g5 $6 {trop affaiblissant.} (10... Re8 {
avec des chances A  peu prA..s A gales}) 11. d4 $1 {
Contre une attaque de flanc, le mieux est souvent une rA action au centre.}
11... Bb6 12. Nh2 Kh8 13. a4 Bd7 14. axb5 axb5 15. Rxa8 Qxa8 16. d5 Ne7 17. Qf3
Kg7 18. h4 (18. Bxb6 cxb6 19. Na3 $14) 18... g4 $1 19. Qe2 Qa7 20. Kh1 $6 (20.
Bxb6 Qxb6 21. g3 Ra8 22. Nd2 $11) 20... h5 (20... Bxe3 $1 21. Qxe3 Qxe3 22.
fxe3 Ra8 23. Nd2 Nh5 24. Kg1 Ng6 $17) 21. Bc1 $1 {
Ne donne pas deux fois la mA|_me chance aux Noirs.} 21... Ng6 22. Qd2 Rh8 23.
g3 c6 24. f3 $5 {risquA , mais autrement les Blancs devaient souffrir.} 24...
cxd5 25. exd5 Nxd5 $4 {Hallucination des Noirs ?} (25... gxf3 26. Rxf3 Qb7 27.
Bb3 Ne4 $19) 26. Qxd5 Rc8 27. Bxg6 fxg6 28. Qd2 Rh8 29. Qxd6 Qb7 30. Bg5 Rf8
31. Bh6+ $1 Kxh6 32. Qxf8+ Kh7 33. Qf7+ Kh8 34. Nd2 gxf3 35. Nhxf3 e4 36. Qf8+
Kh7 37. Ng5# 1-0

[Event "Jeunesse Blankenberge 2019"]
[Site "?"]
[Date "2019.04.17"]
[Round "6"]
[White "Godart, Clara"]
[Black "Claeys, E."]
[Result "1-0"]
[WhiteElo "1695"]
[BlackElo "1510"]
[Annotator "Francois Godart"]
[PlyCount "83"]
[SourceDate "2019.06.19"]

1. d4 d5 2. Nf3 Nf6 3. c4 e6 4. g3 c5 {
(Tranpose dans la dA fense Tarrasch, caractA risA e par un pion isolA  noir)}
5. cxd5 exd5 6. Bg2 b6 $6 {(Le fou pouvait dA jA  A|_tre dA veloppA , ce n'est
donc pas un coup trA..s utile)} 7. O-O Be7 8. Nc3 Bb7 9. Qc2 (9. dxc5 bxc5 (
9... Bxc5 10. Bg5 $14) 10. Qb3 $16) 9... O-O 10. Rd1 Nbd7 (10... Nc6 {
est plus actif}) 11. b3 Re8 12. Bb2 Qc7 13. e3 Rac8 14. Rac1 {Les Blancs ont
activA  toutes leurs piA..ces et vont peu A  peu assiA ger le pion d} 14... Bf8
15. Ng5 $5 {
Une manoeuvre originale pour amener le cavalier en f4 et augmenter la pression.
} 15... h6 16. Nh3 Bd6 17. Nb5 Qb8 18. Nxd6 Qxd6 19. Qd3 (19. dxc5 Nxc5 20. Qd2
$16 {semble plus simple}) 19... Ne4 (19... c4 $1 {
aurait rA solu beaucoup de problA..mes des Noirs}) 20. dxc5 $1 Ndxc5 21. Qd4
Nf6 22. Nf4 Red8 23. e4 $1 {
avec toutes les piA..ces blanches actives, cette poussA e est trA..s forte.}
23... Ne6 24. Nxe6 Qxe6 25. Rxc8 Qxc8 26. e5 (26. exd5 {est plus simple :}
26... Bxd5 (26... Nxd5 27. Qxg7#) 27. Qd3 $1 {et les clouages sont mortels})
26... Ne8 27. Ba3 Qd7 28. f4 f6 29. Re1 Qe6 30. Qb4 {
(Les Blancs dominent malgrA  tout)} 30... a5 31. Qd2 (31. Qf8+ Kh7 32. Bf1 $1
$18) 31... Qc8 $2 32. Qe2 (32. Be7 $1 Rd7 33. Bh3 $18) 32... fxe5 33. Qxe5 Nf6
34. Qe6+ {(Gagne un pion ou force une transposition dans une excellente finale)
} 34... Kh8 (34... Qxe6 35. Rxe6 b5 36. Rb6) 35. Qxb6 Ba8 36. Qxa5 d4 37. Bxa8
Qxa8 38. Bb4 d3 39. Qxa8 Rxa8 40. a3 Rd8 41. Rd1 Ne4 42. Kg2 {  Abandon car
les Noirs ne peuvent rien faire et les pions passA s des Blancs vont dA cider
sur le long terme.} 1-0